Handbook on valuation for the purposes of resolution (Record no. 121287)

MARC details
000 -LEADER
fixed length control field 01969nam a22001697a 4500
008 - FIXED-LENGTH DATA ELEMENTS--GENERAL INFORMATION
fixed length control field 221222s2019 xxk|||||o|||| 00| 0 eng d
041 ## - LANGUAGE CODE
Language code of text/sound track or separate title eng
245 ## - TITLE STATEMENT
Title Handbook on valuation for the purposes of resolution
Medium [Electronic resource]
260 ## - PUBLICATION INFORMATION
Place of publication Paris,
Publisher European Banking Authority,
Date 22 February 2019
300 ## - PHYSICAL DESCRIPTION
Physical description 97p
520 ## - ABSTRACT
Abstract The Handbook, which is addressed to national and EU resolution authorities, aims at fostering the convergence and consistency of valuation practices as well as the interaction with independent valuers across the EU. The Handbook, which is the result of close cooperation with national resolution authorities and the Single Resolution Board (SRB) intends to bridge the resolution regulatory approach with the valuation practices, by providing concrete guidance on the practical steps of the valuation process, on the specific valuation criteria applicable to the various resolution tools and, with a view to facilitating the adoption of an informed decision by the resolution authority, by indicating the content that is expected to be included in the valuation report. Whilst the Handbook covers both the valuation before resolution and after resolution (aimed to determine the no creditor worse off), it focuses on the valuation before resolution, thus supporting the resolution decision, which immediately impacts shareholders and creditors. The adoption of the Handbook relies on Article 29(2) of Regulation (EU) No 1093/2010 establishing the EBA. Whilst it is not binding nor subject to comply/explain by the resolution authorities, the Handbook is an instrument to promote convergence of approaches, practices and processes.
651 ## - SUBJECT ADDED ENTRY--GEOGRAPHIC NAME
Geographic name International
690 ## - BROAD SUBJECT
9 (RLIN) 6273
Broad subject Valuation
710 ## - ADDED CORPORATE NAME
Added corporate author European Banking Authority
856 ## - ONLINE RESOURCE
Uniform Resource Identifier <a href="https://www.eba.europa.eu/sites/default/documents/files/documents/10180/2613666/9f0772ea-a052-49e5-86ce-64c157adff10/Valuation%20Handbook.pdf">https://www.eba.europa.eu/sites/default/documents/files/documents/10180/2613666/9f0772ea-a052-49e5-86ce-64c157adff10/Valuation%20Handbook.pdf</a>
Public note Available from the EBA
942 ## - ADDED ENTRY ELEMENTS (KOHA)
Suppress in OPAC Do not suppress in OPAC
Holdings
Lost status Damaged status Not for loan Home library Current library Shelving location Date acquired Total Checkouts Date last seen Price effective from Koha item type
      Virtual Virtual Online 28/12/2022   17/03/2023 28/12/2022 Online material